00447cam a2200145 a 450000100100000000500170001000800410002704000250006808200140009310000310010724500680013826000430020630000270024970000250027600000458720200929151451.0830419s1942 nyua 000 0 eng  aDO-SdBNPbspacBNPHU axxxxbE421 aEliot, George,d1819-1880.10aSilas Marner /cGeorge Eliot ; adaptado por Mabel Dodge Holmes. aNew York :bGlobe Book Company,c1942. a162 p :bil. ;c21 cm.1 aDodge Holmes, Mabel,